Statistiques concernant Joueurs avec le plus de trophées

Cliquez ici pour prendre le quiz!

Statistiques générales

  • Ce quiz a été pris 122 fois
  • Le résultat moyen est 10 sur 15

Statistiques - réponses

Rangnombres de TrophéesJoueursNationalitéPoste% Correct
143Lionel MessiArgentineAttaquant
100%
735Cristiano RonaldoPortugalAttaquant
93%
1532Zlatan IbrahimovicSuèdeAttaquant
87%
339Andres IniestaEspagneMilieu
85%
1134Manuel NeuerAllemagneGardien
83%
1233XaviEspagneMilieu
83%
243Daniel AlvesBrésilDéfenseur
80%
1433Thomas MullerAllemagneMilleu-Attaquant
79%
1333Thiago silvaBrésilDéfenseur
76%
537Gerard PiquéEspagneDéfenseur
67%
636Ryan GiggsPays de GallesAttaquant
61%
935Sergio busquetsEspagnolMilieu
61%
835Kenny DalglishEcosseAttaquant
40%
1034Victor baiaPortugalGardien
14%
437MaxwellBrésilDéfenseur
11%

Distribution des résultats

Percentile par nombre de réponses

% des personnes avec chaque résultat

Votre développement - résultats

Vous n’avez pas pris ce quiz